00266pam a2200109 a 4500020000500000041000500005082002800010100001500038245005000053260004000103300001300143 c h a658.14999999999998bPAN aPanda,D.K. aUnderstanding MicrofinancehTextual Documents aNew YorkbJohn Wiley And Sonsc2010 aXIII/279